Statistiques concernant les départements avec la plus haute part de résidences secondaires

Cliquez ici pour prendre le quiz!

Statistiques générales

  • Ce quiz a été pris 79 fois
  • Le résultat moyen est 6 sur 10

Statistiques - réponses

taux (%)département% Correct
27,3Savoie
76%
28,6Corse du Sud
72%
28,6Haute Corse
71%
22,0Vendée
63%
24,3Pyrénées Orientales
60%
26,7Alpes de haute provence
58%
22,3Aude
57%
35,6Hautes Alpes
56%
22,2Ariège
35%
28,8Lozere
32%

Distribution des résultats

Percentile par nombre de réponses

% des personnes avec chaque résultat

Votre développement - résultats

Vous n’avez pas pris ce quiz